| 000 | 01483pam a2200397 a 4500 | ||
|---|---|---|---|
| 001 | 1788 | ||
| 003 | FISKH | ||
| 005 | 20230929135605.0 | ||
| 008 | 960607s1997 nyua b 000 0 eng | ||
| 010 | _a 96026744 | ||
| 020 | _a0590847791 | ||
| 040 |
_aDLC _cDLC _dDLC _beng |
||
| 042 | _alcac | ||
| 050 | 0 | 0 |
_aQL544.2 _b.M26 1997 |
| 082 | 0 | 0 |
_a595.78/043 _220 |
| 100 | 1 | _aMarzollo, Jean. | |
| 245 | 1 | 0 |
_aI'm a caterpillar / _cby Jean Marzollo ; illustrated by Judith Moffatt. |
| 246 | 3 | _aI am a caterpillar | |
| 260 |
_aNew York : _bScholastic, _c1997. |
||
| 300 |
_a30 unnumbered pages : _bcolor illustrations ; _c23 cm. |
||
| 440 | 0 |
_aHello science reader! _nLevel 1 |
|
| 505 | _aE | ||
| 520 | _aProvides a simple explanation of what happens as a caterpillar changes into a butterfly--from the caterpillar's point of view. | ||
| 521 | 8 |
_a270
_bLexile |
|
| 521 | 8 |
_aE
_bRaz-Plus |
|
| 650 | 0 |
_aCaterpillars _xJuvenile literature. |
|
| 650 | 0 |
_aButterflies _xLife cycles _xJuvenile literature. |
|
| 650 | 1 | _aCaterpillars. | |
| 650 | 1 | _aButterflies. | |
| 650 | 1 | _aMetamorphosis. | |
| 700 | 1 |
_aMoffatt, Judith, _eillustrator |
|
| 856 | 4 | 2 |
_3Contributor biographical information _uhttp://www.loc.gov/catdir/enhancements/fy1301/96026744-b.html |
| 906 |
_a7 _bcbc _corignew _d1 _eocip _f19 _gy-gencatlg |
||
| 942 |
_2ddc _cBK _n0 |
||
| 999 |
_c1788 _d1788 |
||